Podreczny slownik jezyka polskiego

Saved in:
Bibliographic Details
Other Authors: Sobol, Elzbieta
Format: Book
Language:Polish
Published: Warszawa Wydawnictwo Naukowe PWN 1996
Series:Slowniki jezyka polskiego
Subjects:
Tags: Add Tag
No Tags, Be the first to tag this record!

MARC

LEADER 00000nam a2200000 4500
001 c120098
005 20221123123940.6
020 |a 83-01-12080-0 
041 0 |a pol 
044 |a PL 
245 1 0 |a Podreczny slownik jezyka polskiego  |c opracowanie: Elzbieta Sobol 
264 1 |a Warszawa  |b Wydawnictwo Naukowe PWN  |c 1996 
300 |a 1304 s. 
490 1 |a Slowniki jezyka polskiego 
830 0 |a Slowniki jezyka polskiego 
610 2 0 |a jazykoveda 
610 2 0 |a terminológia 
610 2 0 |a poľština 
700 1 |a Sobol, Elzbieta